Sports Quiz

Random Sports or Basketball Quiz

NBA Teams by Name Length Quiz Stats

Quiz Updated May 19, 2014

Challenge
Share
Tweet
Embed
Score 0/30 Timer 03:00
1 Play Today
Starting Letter NBA Team % Correct
HHeat
95.7%
NNets
95%
776ers
93.6%
JJazz
90.6%
SSuns
89.3%
BBulls
79.8%
LLakers
78.9%
KKings
74.2%
KKnicks
73.4%
BBucks
68.4%
SSpurs
67.3%
CCeltics
64.7%
TTimberwolves
64.6%
HHawks
64.4%
MMagic
63.6%
Starting Letter NBA Team % Correct
WWizards
62.6%
HHornets
61.5%
PPacers
60.8%
PPelicans
57.2%
TThunder
55.9%
WWarriors
55.7%
RRockets
54.5%
RRaptors
51.9%
TTrail Blazers
50.4%
MMavericks
49.9%
CClippers
49.8%
PPistons
48.7%
CCavaliers
47.4%
GGrizzlies
44.3%
NNuggets
43.8%

You're not logged in!

Compare scores with friends on all Sporcle quizzes.
Join for Free
OR
Log In

You Might Also Like...

Show Comments

Extras

Top Quizzes Today


Score Distribution

Your Account Isn't Verified!

In order to create a playlist on Sporcle, you need to verify the email address you used during registration. Go to your Sporcle Settings to finish the process.

Report this User

Report this user for behavior that violates our Community Guidelines.

Details: